[Event "A40"]
[Site "Cleanchess.com   INT"]
[Date "2018.03.13"]
[Round "1"]
[White "Lenic,L"]
[Black "Meier,Geo"]
[Result "0-1"]
[WhiteElo "2662"]
[BlackElo "2648"]

1.c4 b6 2.d4 e6 3.a3 f5 4.Nc3 Nf6 5.Nf3 Bb7 6.d5 Na6 7.g3 g6 8.Bg2 Bg7 9.O-O
Nc5 10.Be3 O-O 11.Rc1 Qe7 12.Nb5 d6 13.Ng5 Ng4 14.Bxc5 Qxg5 15.Bb4 Qe7 16.Nd4
Bxd4 17.Qxd4 e5 18.Qd2 f4 19.Bc3 h5 20.Qd3 Kh7 21.Bd2 Rae8 22.Be4 Qg5 23.h4
Qf6 24.b4 Bc8 25.c5 Rf7 26.cxd6 cxd6 27.Rc6 Bf5 28.Bxf5 gxf5 29.Rfc1 Qg6
30.Be1 fxg3 31.fxg3 e4 32.Qc3 f4 33.Rc7 Ree7 34.Rxe7 Rxe7 35.Qd4 Ne5 36.Rc3
Rg7 37.Kg2 Qf5 38.Bf2 e3 39.Be1 f3+ 40.exf3 Qxf3+ 41.Kg1 Rf7 {#R} 0-1

[Event "A39"]
[Site "Cleanchess.com Baghdad IRQ"]
[Date "2018.03.17"]
[Round "7.5"]
[White "Noah,A"]
[Black "Khodashenas,M"]
[Result "0-1"]
[WhiteElo "2299"]
[BlackElo "2404"]

1.Nf3 Nf6 2.g3 c5 3.Bg2 Nc6 4.c4 g6 5.O-O Bg7 6.d4 cxd4 7.Nxd4 O-O 8.Nc3 d6
9.b3 Bd7 10.Bb2 Nxd4 11.Qxd4 Bc6 12.Nd5 Ne8 13.Qd2 Bxb2 14.Qxb2 Nc7 15.e4 f6
16.Rad1 a5 17.Rfe1 Ra6 18.Nf4 e5 19.Ne2 Ne6 20.Qd2 Be8 21.f4 Qe7 22.f5 Nc5
23.Nc3 Kg7 24.Nb5 g5 25.Bf3 Bf7 26.Qe3 Rc8 27.Rd2 a4 28.Red1 axb3 29.axb3 Rd8
30.Nxd6 Nxb3 31.Ne8+ Rxe8 32.Qxb3 Ra3 33.Qb5 Rxf3 34.Rd7 Qa3 35.Qxb7 Qe3+
36.Kh1 Rf8 {#R} 0-1

[Event "A36"]
[Site "Cleanchess.com Baghdad IRQ"]
[Date "2018.03.18"]
[Round "8.5"]
[White "Araz,B"]
[Black "Ahmed,Abdu"]
[Result "1-0"]
[WhiteElo "2368"]
[BlackElo "2245"]

1.c4 Nf6 2.g3 g6 3.Bg2 Bg7 4.Nc3 d6 5.e4 O-O 6.Nge2 c5 7.O-O Nc6 8.d3 Bd7 9.h3
a6 10.Be3 Rb8 11.a4 Ne8 12.d4 cxd4 13.Nxd4 Nc7 14.f4 Ne6 15.Nde2 Nc5 16.e5 Be6
17.Nd5 Re8 18.Nec3 Nd7 19.exd6 exd6 20.Bf2 Nc5 21.a5 Bxd5 22.Bxd5 Nb4 23.f5
Nxd5 24.Nxd5 Bxb2 25.Bd4 Bxd4+ 26.Qxd4 Nd7 27.Qf4 Re5 28.Rad1 Rc8 29.f6 Rc6
30.Rfe1 Kh8 31.Ne7 Rxe1+ 32.Rxe1 Qxa5 33.Nxg6+ {#r} 1-0

[Event "A34"]
[Site "Cleanchess.com Baghdad IRQ"]
[Date "2018.03.17"]
[Round "7.3"]
[White "Zaibi,A"]
[Black "Gagunashvili,M"]
[Result "0-1"]
[WhiteElo "2389"]
[BlackElo "2576"]

1.c4 Nf6 2.Nc3 c5 3.Nf3 b6 4.e4 d6 5.d4 cxd4 6.Nxd4 Bb7 7.f3 e6 8.Be3 Be7
9.Be2 O-O 10.O-O a6 11.Rc1 Nbd7 12.Qd2 Rc8 13.Rfd1 Qc7 14.Qe1 Qb8 15.Qg3 Kh8
16.Kh1 Bd8 17.Bf1 Bc7 18.Qh4 Ne5 19.Qf2 Rg8 20.Na4 Ba8 21.b4 Ned7 22.Qh4 Bb7
23.c5 bxc5 24.bxc5 dxc5 25.Nb3 c4 26.Bxc4 Ne5 27.Bf1 Ng6 28.Qh3 Nf4 29.Qh4 g5
30.Qe1 g4 31.Nbc5 N4h5 32.Qh4 gxf3 33.Nd7 Rg4 34.Nxb8 Rxh4 35.Nxa6 fxg2+
36.Kxg2 Rxh2+ {#R} 0-1

[Event "A33"]
[Site "Cleanchess.com Bushehr IRI"]
[Date "2018.03.16"]
[Round "9.6"]
[White "Ghaem Maghami,E"]
[Black "Tahbaz,Arash"]
[Result "0-1"]
[WhiteElo "2530"]
[BlackElo "2455"]

1.d4 Nf6 2.c4 c5 3.Nf3 cxd4 4.Nxd4 Nc6 5.Nc3 e6 6.a3 Bc5 7.Nb3 Bb6 8.e4 d5
9.exd5 exd5 10.Nxd5 Nxd5 11.cxd5 O-O 12.Be2 Qh4 13.O-O Ne5 14.Be3 Bxe3 15.fxe3
Rd8 16.Rc1 Be6 17.Qd4 Qxd4 18.exd4 Bxd5 19.dxe5 Bxb3 20.Rc7 Rab8 21.Bg4 g6
22.Re1 Rd4 23.h3 h5 24.Bd7 Kh8 25.Re3 Bd5 26.e6 fxe6 27.Bxe6 Re8 28.Rd7 Rd2
29.Re5 Rxg2+ 30.Kf1 Bc6 31.Rd6 Rxb2 32.Rg5 Rf8+ 33.Ke1 Bb5 {#R} 0-1

[Event "A29"]
[Site "Cleanchess.com   INT"]
[Date "2018.03.13"]
[Round "1"]
[White "Vidit,S"]
[Black "Gupta,Ab"]
[Result "1-0"]
[WhiteElo "2723"]
[BlackElo "2615"]

1.c4 Nf6 2.Nc3 e5 3.Nf3 Nc6 4.g3 Bb4 5.Bg2 O-O 6.O-O d6 7.d3 h6 8.Bd2 a6 9.a3
Bc5 10.b4 Ba7 11.e3 Rb8 12.Qc2 Bf5 13.Rab1 Qd7 14.Rfc1 Ne7 15.a4 Ng6 16.a5
Rfe8 17.Ne4 Nxe4 18.dxe4 Be6 19.b5 Bc5 20.Ne1 c6 21.bxa6 bxa6 22.Nd3 Qc7 23.f4
Nf8 24.fxe5 Nd7 25.exd6 Bxd6 26.c5 Bf8 27.Rb6 Qc8 28.e5 Bf5 29.e4 Be6 30.Be3
Rd8 31.Bf1 Qc7 32.Qc3 Nxb6 33.cxb6 Qd7 34.Bc5 Bh3 35.Bxf8 Bxf1 36.Nc5 Qh3
37.Rxf1 Rxf8 38.Nxa6 Rbe8 39.Nc5 f5 40.exf6 Rd8 41.e5 gxf6 42.e6 Rd5 43.e7 Re8
44.Qxf6 {#r} 1-0

[Event "A28"]
[Site "Cleanchess.com Bushehr IRI"]
[Date "2018.03.15"]
[Round "8.3"]
[White "Noroozi,O"]
[Black "Mosadeghpour,Masoud"]
[Result "0-1"]
[WhiteElo "2356"]
[BlackElo "2535"]

1.c4 e5 2.Nc3 Nf6 3.Nf3 Nc6 4.e3 Bb4 5.Qc2 Bxc3 6.bxc3 O-O 7.e4 d6 8.g3 Nd7
9.Bg2 Nc5 10.Nh4 a6 11.O-O b5 12.cxb5 axb5 13.Rd1 Ra4 14.Nf5 Bxf5 15.exf5 e4
16.Rb1 Ne5 17.Rb4 d5 18.Rxa4 Nxa4 19.Bf1 c6 20.d3 exd3 21.Bxd3 Nxd3 22.Rxd3
Re8 23.Rd4 Qe7 24.Be3 Qe5 25.a3 c5 26.Rg4 Nxc3 27.Bxc5 h5 28.Rb4 d4 {#R} 0-1

[Event "A22"]
[Site "Cleanchess.com   INT"]
[Date "2018.03.13"]
[Round "1"]
[White "Harikrishna,P"]
[Black "Vidit,S"]
[Result "1-0"]
[WhiteElo "2731"]
[BlackElo "2723"]

1.c4 e5 2.Nc3 Nf6 3.e3 Nc6 4.a3 d5 5.cxd5 Nxd5 6.Qc2 Nxc3 7.dxc3 a5 8.Nf3 Bd6
9.a4 O-O 10.Bc4 Bg4 11.h4 Qf6 12.Ng5 Bf5 13.e4 Bd7 14.Be3 h6 15.Nf3 Be6 16.Qb3
Qg6 17.Bxe6 fxe6 18.O-O-O Qxe4 19.Qxe6+ Rf7 20.Qb3 Ne7 21.Rhe1 Qg4 22.Qxb7
Raf8 23.Qb3 Qxg2 24.Nd2 Kh8 25.Nc4 Nf5 26.Bd2 Nxh4 27.Rh1 Nf5 28.Qb5 Qxf2
29.Nxe5 Bxe5 30.Qxe5 Qb6 31.Rdg1 Kh7 32.c4 Qb3 33.Bc3 g6 34.Qe6 Qb6 35.Rxg6
Qxe6 36.Rxe6 Rg8 37.Bxa5 Rg4 38.Rc6 Nd4 39.Rhxh6+ Kg7 40.Bc3 Rd7 41.Bxd4+
Rgxd4 42.Rcg6+ Kf7 43.b3 c5 44.Rg2 Rd8 45.Re2 Rd1+ 46.Kb2 Rf1 47.Rh7+ Kf6
48.Rhh2 Kg5 49.Rhf2 Rfd1 50.Re5+ Kg4 51.Rxc5 Kg3 52.Rc2 {#r} 1-0

[Event "A20"]
[Site "Cleanchess.com   INT"]
[Date "2018.03.13"]
[Round "1"]
[White "Hemant,S2"]
[Black "Anand,V"]
[Result "0-1"]
[WhiteElo "2393"]
[BlackElo "2776"]

1.c4 e5 2.g3 Nf6 3.Bg2 h6 4.a3 a5 5.Nc3 Nc6 6.d3 Bc5 7.Nf3 d6 8.O-O O-O 9.Ne1
Ne7 10.Nc2 c6 11.Rb1 d5 12.cxd5 Nexd5 13.Nxd5 cxd5 14.d4 exd4 15.Nxd4 Re8
16.b4 axb4 17.axb4 Bxd4 18.Qxd4 Rxe2 19.Bf3 Rc2 20.Rd1 Bf5 21.Ra1 Rxa1 22.Qxa1
Be4 23.Bxe4 Nxe4 24.Be3 Nc3 25.Rd3 d4 26.Kf1 Qd5 {#R} 0-1

[Event "A15"]
[Site "Cleanchess.com Bushehr IRI"]
[Date "2018.03.18"]
[Round "11.4"]
[White "Maghsoodloo,Parham"]
[Black "Javanbakht,N"]
[Result "1-0"]
[WhiteElo "2601"]
[BlackElo "2436"]

1.c4 e6 2.g3 d5 3.Bg2 Nf6 4.Nf3 d4 5.O-O c5 6.e3 Nc6 7.exd4 cxd4 8.d3 Bd6 9.a3
a5 10.Bg5 h6 11.Bxf6 Qxf6 12.Nbd2 Qd8 13.Qa4 Bd7 14.Rac1 b6 15.Ne1 Rc8 16.Qd1
O-O 17.Nc2 e5 18.Rb1 a4 19.b4 axb3 20.Rxb3 Na5 21.Rb2 Ba4 22.Qb1 Bxc2 23.Qxc2
Bxa3 24.Rb5 Bc5 25.Kh1 f5 26.Qd1 Kh8 27.g4 g6 28.Rg1 Qh4 29.Nf3 Qf6 30.Qd2 g5
31.gxf5 Qxf5 32.Qe2 Rce8 33.Nd2 Re7 34.Qh5 Kg7 35.Ne4 Nb7 36.Nxg5 Nd6 37.Bd5
Rf6 38.Ne4+ Kh7 39.Qxf5+ Rxf5 40.Nxd6 Bxd6 41.Be4 Rf7 42.Rxb6 Bf8 43.f4 exf4
44.Rb5 {#r} 1-0

[Event "A14"]
[Site "Cleanchess.com Bushehr IRI"]
[Date "2018.03.16"]
[Round "9.5"]
[White "Maghsoodloo,Parham"]
[Black "Noroozi,O"]
[Result "1-0"]
[WhiteElo "2601"]
[BlackElo "2356"]

1.Nf3 d5 2.g3 Nf6 3.Bg2 e6 4.O-O Be7 5.c4 O-O 6.b3 b6 7.Bb2 Bb7 8.e3 c5 9.Qe2
Nc6 10.d4 cxd4 11.exd4 Rc8 12.Nbd2 Rc7 13.Rac1 Qc8 14.Rfd1 Rd8 15.Bh3 h6
16.Qe3 Nh7 17.a3 Ng5 18.Nxg5 Bxg5 19.f4 Bf6 20.c5 Na5 21.cxb6 axb6 22.Bf1 Rdd7
23.Bb5 Rxc1 24.Rxc1 Rc7 25.Rxc7 Qxc7 26.Qc3 Qxc3 27.Bxc3 Bc6 28.Bd3 Nb7 29.a4
Be7 30.Kf2 g5 31.Nf3 f6 32.Ke3 g4 33.Nh4 f5 34.Ng6 Bd6 35.Ne5 Be8 36.Ba6 Bxe5
37.fxe5 Na5 38.b4 Nc4+ 39.Bxc4 dxc4 40.b5 Kf7 41.d5 exd5 42.Bd4 Ke6 43.Bxb6
f4+ 44.gxf4 Kf5 45.Ba5 h5 46.Be1 Bd7 47.Kd4 Kxf4 48.b6 {#r} 1-0

[Event "A13"]
[Site "Cleanchess.com Saint Louis USA"]
[Date "2018.03.12"]
[Round "7.4"]
[White "Mikhalevski,V"]
[Black "Chandra,Akshat"]
[Result "1-0"]
[WhiteElo "2557"]
[BlackElo "2490"]

1.c4 e6 2.Nf3 d5 3.b3 Nf6 4.g3 d4 5.Bg2 c5 6.e3 Nc6 7.exd4 cxd4 8.O-O Bd6 9.d3
h6 10.Na3 O-O 11.Re1 Re8 12.Nc2 e5 13.b4 Nxb4 14.Nxb4 Bxb4 15.Rxe5 Rxe5
16.Nxe5 Qa5 17.Rb1 Bd6 18.Bf4 Qxa2 19.Bxb7 Bxb7 20.Rxb7 Re8 21.Nd7 Nxd7
22.Bxd6 Nf6 23.Be7 Qa6 24.Qf3 Ng4 25.Bd6 Nf6 26.c5 Qa2 27.Kg2 a5 28.Ra7 a4
29.Qf5 Qc2 30.Be7 Qb3 31.Bxf6 gxf6 32.Qg4+ Kf8 33.Qxd4 a3 34.Qxf6 Kg8 35.c6 a2
36.c7 Qxd3 37.Qc6 Rc8 38.Ra8 Qf5 39.Qb7 Kh7 40.Qxc8 Qxc8 41.Rxc8 a1=Q 42.Rd8
{#r} 1-0

[Event "A11"]
[Site "Cleanchess.com   INT"]
[Date "2018.03.13"]
[Round "1"]
[White "Shetty,A"]
[Black "Zherebukh,Y"]
[Result "0-1"]
[WhiteElo "2391"]
[BlackElo "2633"]

1.c4 Nf6 2.g3 c6 3.Bg2 d5 4.Nf3 g6 5.b3 Bg7 6.Bb2 O-O 7.O-O a5 8.Nc3 d4 9.Na4
Ne8 10.c5 Na6 11.Rc1 Bg4 12.Qc2 d3 13.Qxd3 Qxd3 14.exd3 Bxf3 15.Bxf3 Nb4
16.Bxg7 Nxg7 17.d4 Nxa2 18.Rc4 Nb4 19.Nb6 Rad8 20.Ra1 Nf5 21.Be4 Nxd4 22.Rxa5
Na6 23.Ra3 f5 24.Bg2 f4 25.gxf4 Ne2+ 26.Kf1 Nxf4 27.d4 e5 28.Bxc6 bxc6 29.Rxa6
exd4 30.Ra2 d3 31.Rd2 Nh3 32.Rc1 Rf5 33.Kg2 Nf4+ 34.Kh1 Re8 35.b4 Re2 36.Nc4
Nh3 37.Rxe2 dxe2 38.Re1 Nxf2+ 39.Kg2 Nd3 40.Rxe2 Nf4+ 41.Kf3 Nxe2+ 42.Kxe2 Rf4
43.Kd3 Kf8 44.Kc3 Rf3+ 45.Kc2 Ke7 46.Ne5 Rf6 47.Kc3 Kd8 48.Kd3 Kc7 49.Ke4 Rf2
50.Ng4 Rb2 51.Ke5 Rxb4 52.Nf6 Rh4 53.Ne8+ Kd7 54.Nf6+ Ke7 55.Ng8+ Kf7 56.Nf6
Rxh2 57.Ne4 Re2 {#R} 0-1

[Event "A11"]
[Site "Cleanchess.com Saint Louis USA"]
[Date "2018.03.13"]
[Round "8.4"]
[White "Fier,A"]
[Black "Shtembuliak,E"]
[Result "1-0"]
[WhiteElo "2582"]
[BlackElo "2507"]

1.Nf3 Nf6 2.g3 d5 3.c4 c6 4.Bg2 Bg4 5.Ne5 Be6 6.cxd5 Bxd5 7.Nf3 c5 8.Nc3 Bc6
9.O-O e6 10.d3 Be7 11.e4 O-O 12.Qe2 b5 13.Rd1 b4 14.Nb1 Ba4 15.b3 Bb5 16.Ne5
Nfd7 17.Nf3 Nc6 18.Bb2 Qc7 19.Nbd2 Nde5 20.Nxe5 Nxe5 21.Nc4 Nc6 22.Qg4 g6
23.f4 Rad8 24.Rac1 Nd4 25.Bxd4 Rxd4 26.e5 Rfd8 27.Be4 a5 28.h4 h5 29.Qf3 Kg7
30.Rd2 a4 31.Rg2 Rh8 32.Rcc2 Rdd8 33.Rcf2 Qd7 34.Nb6 Qa7 35.bxa4 Qxb6 36.axb5
c4 37.Kh2 c3 38.Bc6 Rd4 39.Qe2 Bc5 40.Rf3 Rdd8 41.Qc2 Rc8 42.Qb3 Rhd8 43.Qc2
Rc7 44.Qe2 Ra7 45.Rf1 Ra3 46.Qc2 Qa7 47.Rb1 Qe7 48.Re2 Rc8 49.Rb3 Ra5 50.Qb1
Rd8 51.Qc2 Rd4 52.Rb1 Ra3 53.Kh3 Bb6 54.Rd1 Rd8 55.Re4 Qa7 56.Rxb4 Rxa2
57.Qxc3 Ba5 58.b6 Bxb6 59.Rb2 Rc8 60.Rxa2 Qxa2 61.d4 Qe2 62.Qf3 Qc2 63.Be4 Qb2
64.d5 exd5 65.Bd3 Ra8 66.Rb1 Qd4 67.f5 Ra4 68.fxg6 Qg4+ 69.Qxg4 hxg4+ 70.Kg2
Ra2+ 71.Kf1 Bd4 72.e6 fxe6 73.Rb7+ Kg8 74.Bb5 Rf2+ 75.Ke1 Rb2 76.h5 Rh2 77.Rh7
Bf2+ 78.Kd1 Bxg3 79.Bd7 Rh1+ 80.Kc2 Be5 81.Bxe6+ Kf8 82.h6 Rh2+ 83.Kb3 Rxh6
84.Rxh6 Kg7 85.Rh5 {#r} 1-0

[Event "A09"]
[Site "Cleanchess.com Port Elizabeth RSA"]
[Date "2018.03.13"]
[Round "3.2"]
[White "Makoto,R"]
[Black "Luanja,Geoffrey"]
[Result "0-1"]
[WhiteElo "2349"]
[BlackElo "2300"]

1.Nf3 d5 2.c4 d4 3.b4 f6 4.e3 e5 5.c5 a5 6.Qa4+ Bd7 7.b5 Bxc5 8.Bc4 Ne7 9.exd4
exd4 10.Bb2 Bg4 11.Nxd4 Qd6 12.Nb3 Nd7 13.O-O Bb4 14.Bd4 Nc8 15.Re1+ Kd8
16.Bc3 Ncb6 17.Bxb4 axb4 18.Na5 Kc8 19.Qc2 Rxa5 20.Qxh7 Rd8 21.Qxg7 Qd4 {#R}
0-1

[Event "A09"]
[Site "Cleanchess.com   INT"]
[Date "2018.03.13"]
[Round "1"]
[White "Nyzhnyk,I"]
[Black "Tang,Andrew"]
[Result "1-0"]
[WhiteElo "2601"]
[BlackElo "2509"]

1.Nf3 d5 2.c4 d4 3.g3 Nc6 4.Bg2 e5 5.O-O e4 6.Ne1 Bf5 7.d3 Nf6 8.Bg5 Qd7
9.Bxf6 gxf6 10.dxe4 Bh3 11.Nd2 O-O-O 12.Ndf3 h5 13.Nh4 Ne5 14.b3 Rg8 15.Nef3
Bxg2 16.Nxg2 Bh6 17.Nxe5 fxe5 18.Nh4 Qh3 19.Nf5 h4 20.Qd3 Rg6 21.Qf3 hxg3
22.fxg3 Rh8 23.Qg2 Be3+ 24.Nxe3 dxe3 25.Qxh3+ Rxh3 26.Kg2 Rgh6 27.Rh1 R3h5
28.Raf1 Rd6 29.Rxf7 Rd2 30.Kf3 Rxa2 31.h4 Rh8 32.g4 Rb2 33.g5 Rxb3 34.g6 Rb6
35.g7 Rd8 36.Rg1 {#r} 1-0

[Event "A05"]
[Site "Cleanchess.com   INT"]
[Date "2018.03.13"]
[Round "1"]
[White "Anand,V"]
[Black "Sachdev,T"]
[Result "1-0"]
[WhiteElo "2776"]
[BlackElo "2407"]

1.Nf3 Nf6 2.b3 e6 3.Bb2 Be7 4.g3 c5 5.c4 Nc6 6.Bg2 O-O 7.O-O d6 8.d4 cxd4
9.Nxd4 Nxd4 10.Qxd4 Qc7 11.Nc3 a6 12.Na4 Rb8 13.Qb6 Bd8 14.Qxc7 Bxc7 15.Bxf6
gxf6 16.Rac1 Bd7 17.Nc3 f5 18.Rfd1 Bc6 19.Nd5 Bd8 20.Nb4 Bxg2 21.Kxg2 Bf6
22.Rd3 Rfd8 23.Rcd1 Be7 24.Rd4 Bf6 25.Rxd6 Rxd6 26.Rxd6 a5 27.Nd3 b5 28.c5 Rc8
29.Ra6 Bd8 30.a3 Kg7 31.b4 axb4 32.axb4 Kf6 33.f4 Rb8 34.Ra7 {#r} 1-0

[Event "A05"]
[Site "Cleanchess.com Port Elizabeth RSA"]
[Date "2018.03.14"]
[Round "4.5"]
[White "Mwale Joseph"]
[Black "Makoto,R"]
[Result "1-0"]
[WhiteElo "2240"]
[BlackElo "2349"]

1.Nf3 Nf6 2.g3 g6 3.b4 Bg7 4.Bb2 O-O 5.Bg2 d5 6.O-O c6 7.c4 dxc4 8.a4 Qb6
9.Bc3 Na6 10.Na3 Nxb4 11.Rb1 c5 12.Nxc4 Qe6 13.Ne3 a5 14.Ng5 Qa6 15.d4 h6
16.Nf3 Rd8 17.Qe1 Ne4 18.Ba1 cxd4 19.Nxd4 Nxg3 20.fxg3 Bxd4 21.Bxd4 Rxd4
22.Qf2 Be6 23.Nf5 Bxf5 24.Qxd4 Bxb1 25.Rxb1 Qxe2 26.Bxb7 Rb8 27.Be4 Rc8 28.Rf1
Qc4 29.Qd7 Qc7 30.Qg4 Qb6+ 31.Kh1 Rd8 32.Qf4 Qe6 33.Bg2 Kg7 34.Qc7 Rd2 35.Qc3+
{#r} 1-0

[Event "A05"]
[Site "Cleanchess.com Budapest HUN"]
[Date "2018.03.12"]
[Round "8.2"]
[White "Gonda,L"]
[Black "Farago,I"]
[Result "1-0"]
[WhiteElo "2515"]
[BlackElo "2378"]

1.Nf3 Nf6 2.g3 c5 3.c4 Nc6 4.Nc3 d5 5.d4 e6 6.cxd5 Nxd5 7.Bg2 cxd4 8.Nxd4 Nxc3
9.bxc3 Nxd4 10.Qxd4 Qxd4 11.cxd4 Bd6 12.O-O Rb8 13.e4 b5 14.Bd2 Bd7 15.a3 Rc8
16.e5 Be7 17.Bb4 f6 18.f4 fxe5 19.dxe5 Bc5+ 20.Bxc5 Rxc5 21.Rfc1 Rxc1+ 22.Rxc1
Kd8 23.h4 a5 24.Kf2 Ke7 25.Be4 h6 26.Rc7 Rc8 27.Rxc8 Bxc8 28.Ke3 b4 29.axb4
axb4 30.Kd4 Ba6 31.Bc2 Be2 32.Kc5 Kf7 33.Kxb4 h5 34.f5 Bg4 35.Kc5 Ke7 36.fxe6
Bxe6 37.Kd4 Bg4 38.Ke3 Bd7 39.Bd1 Be8 40.Kf4 Ke6 41.Bb3+ Ke7 42.Kg5 {#r} 1-0

[Event "A05"]
[Site "Cleanchess.com Port Elizabeth RSA"]
[Date "2018.03.17"]
[Round "8.3"]
[White "Mwale Joseph"]
[Black "Cawdery,D"]
[Result "0-1"]
[WhiteElo "2240"]
[BlackElo "2428"]

1.Nf3 Nf6 2.g3 g6 3.b4 Bg7 4.Bb2 d5 5.Bg2 O-O 6.O-O Qd6 7.a3 Nbd7 8.d3 a5
9.bxa5 e5 10.c4 dxc4 11.dxc4 Qxd1 12.Rxd1 e4 13.Nfd2 e3 14.fxe3 Ng4 15.Bxg7
Kxg7 16.Nf1 Nc5 17.Nc3 Rxa5 18.Nb5 c6 19.Nd6 Be6 20.Rdb1 Ra7 21.Rb4 Ne5
22.Rab1 Rxa3 23.Nxb7 Nxb7 24.Rxb7 Bxc4 25.R7b2 Bb5 26.Kf2 Ng4+ 27.Kf3 f5 28.h3
Bc4 29.hxg4 fxg4+ 30.Kxg4 Ra5 31.Bd5 Rxd5 32.Nd2 Bxe2+ 33.Kh3 Rf2 34.g4 h5
35.Kg3 Rf8 36.Rb7+ Kh6 37.Ne4 Bxg4 38.Nf2 Rf3+ 39.Kg2 Rd2 40.Rf1 Rxe3 41.Kg1
Rg3+ 42.Kh2 Rf3 43.Kg1 Bf5 44.Rc7 Rc3 45.Rf7 Rcc2 46.Kg2 Be6 47.Rf6 Bd5+
48.Kg3 Rc3+ 49.Kh2 Kg7 50.Rf4 Rc4 51.Rxc4 Bxc4 52.Rc1 Rxf2+ 53.Kg3 Rf5 54.Rxc4
c5 55.Kh4 Rd5 56.Kg3 Kf6 57.Rc1 Kg5 58.Rc3 h4+ 59.Kh3 Kh5 60.Rc2 g5 61.Rc4 g4+
62.Kh2 Rd2+ 63.Kh1 Rd5 64.Kh2 Rf5 65.Rc2 Rf2+ 66.Rxf2 g3+ 67.Kg2 gxf2 68.Kh2
f1=R {#R} 0-1

[Event "A04"]
[Site "Cleanchess.com Bushehr IRI"]
[Date "2018.03.14"]
[Round "7.6"]
[White "Maghsoodloo,Parham"]
[Black "Ghaem Maghami,E"]
[Result "1-0"]
[WhiteElo "2601"]
[BlackElo "2530"]

1.Nf3 c5 2.g3 Nc6 3.Bg2 g6 4.O-O Bg7 5.c3 e5 6.d3 Nge7 7.e4 O-O 8.a3 a5 9.a4
d6 10.Na3 h6 11.Nb5 Be6 12.Nd2 Na7 13.Nc4 Nxb5 14.axb5 b6 15.f4 exf4 16.Bxf4
d5 17.exd5 Nxd5 18.Bd2 Qc7 19.Re1 Rad8 20.Rxe6 fxe6 21.Qg4 Kh7 22.Qxe6 Rf6
23.Qh3 Qd7 24.Qxd7 Rxd7 25.Re1 Nc7 26.Bc6 Rxd3 27.Re7 Ne6 28.Be4 Rd8 29.h4 Kg8
30.Be3 Nf8 31.Kg2 Re6 32.Rxe6 Nxe6 33.Nxb6 Rb8 34.Nc4 Kh8 35.b6 Bf8 36.Bd5 Nd8
37.Bf4 Rc8 {#r} 1-0

[Event "A00"]
[Site "Cleanchess.com Vinnytsia UKR"]
[Date "2018.03.13"]
[Round "8.3"]
[White "Baidetskyi,Valentin"]
[Black "Gayun,Dmytro"]
[Result "1-0"]
[WhiteElo "2391"]
[BlackElo "2263"]

1.g3 d5 2.Bg2 Nf6 3.f4 c5 4.Nf3 e6 5.O-O Be7 6.d3 O-O 7.c3 Nc6 8.Qe1 b5 9.e4
Ba6 10.e5 Ne8 11.Nbd2 b4 12.c4 dxc4 13.dxc4 Qd3 14.b3 Rd8 15.Bb2 Bb7 16.Rf2
Nd4 17.Nxd4 Bxg2 18.Kxg2 cxd4 19.Ne4 f5 20.exf6 Nxf6 21.Ng5 h6 22.Rd1 Qg6
23.Nxe6 Ng4 24.Nxf8 Qc6+ 25.Kg1 Nxf2 26.Kxf2 Bxf8 27.Bxd4 Qa6 28.Qe2 Rxd4
29.Rxd4 Bc5 30.Qe8+ Kh7 31.Qe4+ Kh8 32.Kf3 Bxd4 33.Qxd4 Qxa2 34.Qd8+ Kh7
35.Qd3+ Kh8 36.h4 Qa6 37.h5 Qf6 38.Kg4 Qe6+ 39.Kf3 Qf6 40.Qe3 a5 41.Qe8+ Kh7
42.Qg6+ Qxg6 43.hxg6+ Kxg6 44.Ke4 Kf6 45.Kd4 Ke6 46.Kc5 {#r} 1-0

[Event "A00"]
[Site "Cleanchess.com   INT"]
[Date "2018.03.13"]
[Round "1"]
[White "Shimanov,A"]
[Black "Chandra,Akshat"]
[Result "1-0"]
[WhiteElo "2641"]
[BlackElo "2490"]

1.g3 d5 2.Bg2 g6 3.c4 c6 4.Qa4 dxc4 5.Qxc4 Bg7 6.Nf3 e5 7.O-O Ne7 8.d3 O-O
9.Nc3 Na6 10.Bd2 Be6 11.Qa4 h6 12.Rfc1 Nf5 13.Ne4 Re8 14.b4 Nc7 15.Nc5 Bc8
16.Rab1 Nd4 17.Qd1 Rb8 18.Nxd4 exd4 19.Bf4 a6 20.a4 Ra8 21.Bxc7 Qxc7 22.b5
axb5 23.axb5 Ra3 24.bxc6 bxc6 25.Na4 Bd7 26.Bf3 h5 27.Rc4 Qa7 28.Nc5 Bg4
29.Ne4 Bxf3 30.exf3 Qa6 31.Rbc1 Rc3 32.Nxc3 dxc3 33.Kg2 Qb5 34.Qc2 Qd5 35.Re4
Rd8 36.Rc4 Rb8 37.Qe2 Rd8 38.Rc2 Bf6 39.Qe4 Qxd3 40.Rxc6 Bg7 41.Rc8 Kh7 42.Rc7
Kg8 43.Ra2 Qxe4 44.fxe4 Rd3 45.Ra8+ Kh7 46.Rxf7 c2 47.Rc8 Rd2 48.Rfc7 Re2
49.Kf3 Rd2 50.Rxc2 {#r} 1-0